Cukrove repy ako krmivo

Uložené v:
Podrobná bibliografia
Hlavný autor: LABUDA, J. (Author)
Médium: Kniha
Jazyk:Slovak
Vydané: 1964
Tagy: Pridať tag
Žiadne tagy, Buďte prvý kto otaguje tento záznam!

MARC

LEADER 00000nam a2200000 a 4500
001 000104310
005 00000000000000.0
008 040101s1964 e sloo
041 0 |a slo 
100 1 |a LABUDA, J.  |4 aut 
245 1 0 |a Cukrove repy ako krmivo 
260 |c 1964 
500 |a Záznam neprešiel kontrolou 
910 |a svkkk 
998 |a BK 
090 |g SCKHL  |k Sklad Pribinova 2. posch.  |a II.141127  |i 104310-10  |s Absenčne